000 00268nam a2200097 a 4500
005 20200930065730.0
008 110719s1981 000 spa d
245 0 _aV exposición de pintores y escultores dominicanos.
260 _aSanto Domingo,
_c1981.
999 _c32095
_d32095
040 _aDO-SdBNP